000 00303nam a2200109Ia 4500
008 240521s9999 xx 000 0 und d
041 _aeng
100 _aBERKE PHILIP R. & GODSCHALK DAVID R.
245 _aURBAN LAND USE PLANNING
260 _bBOARD OF INTERNATIOANL RESEARCH IN DESIGN
300 _a492
999 _c1162017
_d1162017